书目信息 |
| 题名: |
休闲保健浴
|
|
| 作者: | 田思胜 , 田思胜 编著 | |
| 分册: | ||
| 出版信息: | 上海 上海科学技术出版社 2004 |
|
| 页数: | 189页 | |
| 开本: | 19cm | |
| 丛书名: | 健康屋 | |
| 单 册: | ||
| 中图分类: | R454.5 | |
| 科图分类: | ||
| 主题词: | 水疗法--shui liao fa , 气候疗法--qi hou liao fa , 治疗学 | |
| 电子资源: | ||
| ISBN: | 7-5323-7662-1 | |
| 000 | 01017nam 2200301 450 | |
| 001 | CAL 012006094575 | |
| 005 | 20061120164104.71 | |
| 010 | @a7-5323-7662-1@dCNY 15.00 | |
| 099 | @aCAL 012006094575 | |
| 100 | @a20041026d2004 em y0chiy50 ea | |
| 101 | 0 | @achi |
| 102 | @aCN@b310000 | |
| 105 | @ay z 000yy | |
| 200 | 1 | @a休闲保健浴@Axiu xian bao jian yu@f田思胜等著@Ftian si sheng deng zhu |
| 210 | @a上海@c上海科学技术出版社@d2004 | |
| 215 | @a189页@d19cm | |
| 225 | 2 | @a健康屋@Ajian kang wu |
| 330 | @a本书对冷水浴、热水浴、海水浴、森林浴、空气浴、特色浴等16种浴疗方式的养生保健作用、治疗方法和注意事项进行了介绍,对内科呼吸、消化等8大系统和外科、妇科、儿科各科疾病的疗浴方法进行了阐述。 | |
| 410 | 0 | @12001 @a健康屋 |
| 606 | 0 | @a水疗法@Ashui liao fa |
| 606 | 0 | @a气候疗法@Aqi hou liao fa |
| 606 | 0 | @a治疗学 |
| 690 | @aR454.5@v4 | |
| 701 | 0 | @a田思胜@Atian si sheng@4编著 |
| 701 | 0 | @a田思胜@Atian si sheng@4著 |
| 801 | @aCN@c20061120 | |
| 905 | @apdsgxy@dR454.5@eT650 | |
| 998 | @aZSU | |
| 休闲保健浴/田思胜等著.-上海:上海科学技术出版社,2004 |
| 189页;19cm.-(健康屋) |
| ISBN 7-5323-7662-1:CNY 15.00 |
| 本书对冷水浴、热水浴、海水浴、森林浴、空气浴、特色浴等16种浴疗方式的养生保健作用、治疗方法和注意事项进行了介绍,对内科呼吸、消化等8大系统和外科、妇科、儿科各科疾病的疗浴方法进行了阐述。 |
| ● |
| 相关链接 |
|
|
|
正题名:休闲保健浴
索取号:R454.5/T650
 
预约/预借
| 序号 | 登录号 | 条形码 | 馆藏地/架位号 | 状态 | 备注 |
| 1 | 611593 | 206115933 | 自科库401/401自科库 17排1列5层/ [索取号:R454.5/T650] | 在馆 | |
| 2 | 611594 | 206115942 | 自科库401/401自科库 17排1列5层/ [索取号:R454.5/T650] | 在馆 | |
| 3 | 611595 | 206115951 | 自科库401/401自科库 17排1列5层/ [索取号:R454.5/T650] | 在馆 |